Music Quiz

Random Music or Rock Quiz

Rock & Roll Connection Quiz Stats

Quiz Updated Mar 8, 2012

Challenge
Share
Tweet
Score 0/22 Timer 09:00
0 Plays Today
Clue Common Bond % Correct
The Yardbirds
Cream
Derek and the Dominoes
Eric Clapton was a member of these groups
85.4%
Moon Unit
Dweezil
Diva Thin Muffin Pigeen
Frank Zappa's Children
69.2%
Sledgehammer
All I Need Is A Miracle
In The Air Tonight
Genesis: Peter Gabriel/Mike Rutherford/Phil Collins
52.5%
Love and Theft
Blonde on Blonde
Highway 61 Revisited
These are all Bob Dylan albums
43.3%
Quadrophenia
The Wall
Jesus Christ Superstar
These are all 'Rock Operas'
33.2%
Triumph
Rush
The Guess Who
These are all Canadian bands
28.4%
Scrantonicity
Spinal Tap
Stillwater
These are fictional bands
25.4%
Who Are You
Won't Get Fooled Again
Baba O'Riley
It's Not 'The Who'
Used as CSI Opening Themes
21.3%
Jeff Buckley
Rufus Wainwright
k.d. lang
All have done covers of Leonard Cohen's 'Hallelujah'
19.5%
Twice As Hard
Mr. Jones
Every Day Is A Winding Road
Crow: The Black Crowes/Counting Crows/Sheryl Crow
18.3%
AC/DC
Metallica
Amy Winehouse
'Black' Albums: Back in Black (or Black Ice)/The Black Album/Back To Black
17.2%
Clue Common Bond % Correct
Don’t Stop Believin'
Physical
Thong Song
All covered by the cast of 'Glee'
16.4%
Bad
Like A Virgin
Smells Like Teen Spirit
These songs have been parodied by Weird Al
15%
Van Halen
Heart
AC/DC
These groups all have siblings in the band
12.9%
My Generation
Sussudio
Bad To The Bone
All contain stuttering lyrics
12.1%
Me And Bobby McGee
(Just Like) Starting Over
Time In A Bottle
Posthumous Number Ones: Janis/John/Jim
12.1%
Dave Matthews Band
Jimi Hendrix
U2
They all have done covers of 'All Along The Watchtower' by Bob Dylan
11.3%
Patience
Wind of Change
Don't Worry, Be Happy
These songs feature whistling
9.8%
The Eagles
Genesis
The Band
They each have drummers who sing lead: Don Henley/Phil Collins/Levon Helm
8.4%
Handle With Care
Turn To Stone
Got My Mind Set On You
Jeff Lynne: Travelling Wilburys/ELO/George Harrison
7.5%
Amorica
Yesterday And Today
Love It To Death
They all have banned/censored album covers
7.3%
Tom Jones
Duran Duran
Paul McCartney and Wings
James Bond Themes: Thunderball/A View To A Kill/Live And Let Die
6.7%

You're not logged in!

Compare scores with friends on all Sporcle quizzes.
Join for Free
OR
Log In

You Might Also Like...

Show Comments

Extras

Top Quizzes Today


Score Distribution

Your Account Isn't Verified!

In order to create a playlist on Sporcle, you need to verify the email address you used during registration. Go to your Sporcle Settings to finish the process.

Report this User

Report this user for behavior that violates our Community Guidelines.

Details: